Statistics for 20 Random Famous People by Picture

Click here to take the quiz!

General Stats

  • This quiz has been taken 82 times
  • The average score is 13 of 20

Answer Stats

Answer% Correct
Elon Musk
100%
Michael Jackson
100%
Donald Trump
97%
George W Bush
97%
Joe Biden
97%
Abraham Lincoln
95%
Taylor Swift
94%
Adolf Hitler
93%
Barrack Obama
92%
Albert Einstein
91%
Michelle Obama
91%
Bill Gates
90%
Bill Clinton
89%
Tom Cruise
84%
Emma watson
83%
Lionel Messi
83%
Steve Jobs
81%
Winston Churchill
81%
Justin Bieber
80%
Nikola Tesla
79%
David Beckham
78%
Cristiano Ronaldo
73%
Kylian Mbappe
71%
Katy Perry
69%
Marie Curie
69%
Kamala Harris
61%
Novak Djokovic
61%
LeBron James
60%
zinedine zidane
55%
Maggie Smith
54%
Alan Rickman
46%
Trevor Noah
31%
Justin Jefferson
19%
Ronaldinho Gaúcho
13%
Elizabeth Windsor
6%
Aitana Bonmatie
3%
Carli Lloyd
0%
Theodor Seuss Geisel
0%
Vladimir Pootin
0%
Winfield Cunningham
0%

Score Distribution

Percentile by Number Answered

Percent of People with Each Score

Your Score History

You have not taken this quiz